Auditoribus Oblata dum Assertiones ex Universa Philosophia Tomulus Primus
| Main Author: | |
|---|---|
| Format: | Book |
| Language: | English |
| PhysicalDescription: | 267, 12 s. |
| Published: |
Tyrnaviae
Universitat Tyrnaviensi
1759
|
MARC
| LEADER | 00000nam a2200000 a 4500 | ||
|---|---|---|---|
| 001 | vtls001492116 | ||
| 003 | SK-MaSNL | ||
| 005 | 20260301122422.0 | ||
| 008 | 240314 000 0 eng | ||
| 040 | |a SNK |b slo |c SNK |e AACR2 | ||
| 100 | 1 | |a Letko, Adamus |4 aut |9 467943 | |
| 245 | 1 | 0 | |a Auditoribus Oblata dum Assertiones ex Universa Philosophia |n Tomulus Primus |
| 260 | |a Tyrnaviae |b Universitat Tyrnaviensi |c 1759 | ||
| 300 | |a 267, 12 s. | ||
| 999 | |c 732839 |d 734769 | ||
| 952 | |a SNK |b SNK |y PREZ |7 0 |o snkSD 46910/1 |i snkD 785/77 |3 rekatalogizácia |0 0 |1 0 |4 0 |d 2005-02-03 |l 0 |r 2026-02-23 22:34:55 |w 2026-02-23 | ||


